000 00426nam a22001697a 4500
005 20160503103149.0
008 160503b xxu||||| |||| 00| 0 eng d
020 _a81-7188312-5
041 _aeng
082 _b1146
100 _aPlanning Commission Govt. of India
_9378
245 _aForeign Direct Investment
260 _aNew Delhi
_bAcademic Faundation
_c2002
300 _a119
650 _aManagement
_9241
942 _cBK
999 _c448
_d448